000 00237nam a22000857a 4500
008 160716b xxu||||| |||| 00| 0 eng d
100 _92972
_a Rao, A.R
245 _aFour Stories from Shakespeare
260 _aNew Delhi
_bOrient Publication
_c2001
999 _c2535
_d2535